000 00638nam a2200253Ia 4500
005 20260121114115.0
008 008 260114s9999 xx 000 0 eng d
020 _a9781119880912
037 _aEBOOK
040 _aCRL
040 _beng
040 _cCRL
041 _2eng
041 _aeng
084 _qCRL
100 _aAbdenacer Makhlouf
_9970949
245 0 _aAlgebra and Applications 2 - Combinatorial Algebra and Hopf Algebras
260 _bWiley
260 _c2021
856 _uhttps://onlinelibrary.wiley.com/doi/book/10.1002/9781119880912
942 _cEBOOK
999 _c1550204
_d1550204